000 00610nam a2200241Ia 4500
003 OSt
005 20221007072637.0
006 a|||||r|||| 00| 0
007 ta
008 221006b |||||||| |||| 00| 0 eng d
024 _a24,821
037 _cTextual
040 _aFLL
_cFLL
_beng
041 _2eng
_aeng
082 _aZ3, K0
100 _aKiralfy A.K.R.
_9688364
245 0 _aEnglish legal system
250 _a3rd
260 _aLondon
_bSweet & Maxwell Ltd. London
_c1960
300 _axxxi,1-407p
_ccm.
942 _hZ3, K0
_cTEXL
_2CC
999 _c1146638
_d1146638